[Event "GER-ch52 V01 email"]
[Site "GER email"]
[Date "2020.04.16"]
[Round "?"]
[White "Droessler, Uwe"]
[Black "Schowalter, Gerd"]
[Result "1-0"]
[WhiteElo "2308"]
[BlackElo "2380"]
[PlyCount "93"]
[EventDate "2020.??.??"]
[EventType "tourn (corr)"]
[EventRounds "10"]
[EventCountry "GER"]
[SourceTitle "Corr 2022"]
[Source "ChessBase"]
[SourceDate "2021.10.24"]
[SourceVersion "1"]
[SourceVersionDate "2021.10.24"]
[SourceQuality "1"]

1. e4 e6 2. d4 d5 3. Nc3 Nf6 4. e5 Nfd7 5. f4 c5 6. Nf3 Nc6 7. Be3 Be7 8. Qd2 a6 9. Be2 b5 10. a3 0-0 11. 0-0 Rb8 12. Kh1 cxd4 13. Nxd4 Nxd4 14. Bxd4 Bc5 15. Bxc5 Nxc5 16. Rad1 h6 17. f5 exf5 18. Nxd5 Ne4 19. Qf4 Qg5 20. Qxg5 Nxg5 21. Ne7+ Kh8 22. Nxf5 Bxf5 23. Rxf5 Rbe8 24. Rd5 g6 25. Rf6 Ne6 26. Kg1 Kg7 27. Bf1 Nc7 28. Rc5 Ne6 29. Rc6 Nd4 30. Rxa6 Rxe5 31. Rf2 Re1 32. Rb6 Rb1 33. c3 Nf5 34. Rxb5 Re8 35. g4 Ne3 36. Rb7 Kg8 37. Rfxf7 Re5 38. Rg7+ Kf8 39. Rbf7+ Ke8 40. Rf3 g5 41. Rb7 Nxg4 42. h3 Ne3 43. a4 Nc4 44. Rf2 Ne3 45. b4 g4 46. hxg4 Rg5 47. Rbf7 1-0

[Event "GER-ch52 V01 email"]
[Site "GER email"]
[Date "2020.04.16"]
[Round "?"]
[White "Schoenbeck, Hilmar"]
[Black "Droessler, Uwe"]
[Result "1/2-1/2"]
[WhiteElo "2289"]
[BlackElo "2308"]
[PlyCount "92"]
[EventDate "2020.??.??"]
[EventType "tourn (corr)"]
[EventRounds "10"]
[EventCountry "GER"]
[SourceTitle "Corr 2024"]
[Source "ChessBase"]
[SourceDate "2023.10.19"]
[SourceVersion "1"]
[SourceVersionDate "2023.10.19"]
[SourceQuality "1"]

1. e4 e6 2. d4 d5 3. Nc3 Bb4 4. exd5 exd5 5. Bd3 Nc6 6. a3 Bxc3+ 7. bxc3 Nge7 8. Qf3 Be6 9. Ne2 Qd7 10. Ng3 0-0 11. h3 f5 12. 0-0 Nc8 13. Bf4 Nd6 14. Ne2 Ne4 15. h4 Na5 16. Qh3 Qc6 17. h5 Bd7 18. Rfe1 Nc4 19. Bxc4 Qxc4 20. h6 g6 21. Be5 Qc6 22. c4 dxc4 23. f3 Nd6 24. Qg3 Nf7 25. Nf4 g5 26. Nh5 f4 27. Nxf4 Bf5 28. c3 Rad8 29. Ra2 Qxh6 30. Bxc7 Kh8 31. Nh3 Rde8 32. Rae2 Rxe2 33. Rxe2 Bxh3 34. Qxh3 Qxh3 35. gxh3 Rc8 36. Bg3 Rc6 37. Re7 Kg7 38. Rxb7 Ra6 39. Rc7 Rxa3 40. Rxc4 a5 41. Kf2 a4 42. h4 gxh4 43. Bxh4 Ra1 44. d5 h5 45. Rc6 a3 46. Ra6 a2 1/2-1/2

[Event "GER-ch51 V01 email"]
[Site "GER email"]
[Date "2019.04.14"]
[Round "?"]
[White "Droessler, Uwe"]
[Black "Richter, Wolfgang"]
[Result "1-0"]
[WhiteElo "2301"]
[BlackElo "2341"]
[PlyCount "99"]
[EventDate "2019.??.??"]
[EventType "tourn (corr)"]
[EventRounds "10"]
[EventCountry "GER"]
[SourceTitle "Corr 2022"]
[Source "ChessBase"]
[SourceDate "2021.10.24"]
[SourceVersion "1"]
[SourceVersionDate "2021.10.24"]
[SourceQuality "1"]

1. e4 e5 2. Nf3 Nc6 3. Bb5 Nf6 4. 0-0 Nxe4 5. d4 Nd6 6. Bxc6 dxc6 7. dxe5 Nf5 8. Qxd8+ Kxd8 9. Nc3 Ke8 10. h3 h6 11. Bf4 Bc5 12. Rad1 Be6 13. b3 b5 14. Kh2 Rd8 15. g4 Ne7 16. Kg3 Bb6 17. Bd2 Ng6 18. Rfe1 a5 19. Ng1 Ne7 20. f4 g6 21. Ne4 Nd5 22. Nf3 Nb4 23. Bxb4 axb4 24. Nf6+ Ke7 25. h4 Rxd1 26. Rxd1 Ra8 27. h5 gxh5 28. Nxh5 Rxa2 29. Nf6 h5 30. gxh5 Rxc2 31. Ng5 Rc3+ 32. Kg2 Bf5 33. Ng8+ Ke8 34. e6 Rc2+ 35. Kh1 Bxe6 36. Nxe6 fxe6 37. h6 Rc3 38. h7 Rh3+ 39. Kg2 Rxh7 40. Nf6+ Kf7 41. Nxh7 c5 42. Rd7+ Kg6 43. Nf8+ Kf6 44. Rd2 Kf7 45. Nd7 Ba7 46. Kf3 c4 47. bxc4 bxc4 48. Ne5+ Ke8 49. Nxc4 Bc5 50. Ke4 1-0

[Event "GER-ch50 V01 email"]
[Site "GER email"]
[Date "2018.05.15"]
[Round "?"]
[White "Droessler, Uwe"]
[Black "Schoenbeck, Hilmar"]
[Result "1/2-1/2"]
[WhiteElo "2310"]
[BlackElo "2238"]
[PlyCount "142"]
[EventDate "2018.??.??"]
[EventType "tourn (corr)"]
[EventRounds "10"]
[EventCountry "GER"]
[SourceTitle "Corr 2022"]
[Source "ChessBase"]
[SourceDate "2021.10.24"]
[SourceVersion "1"]
[SourceVersionDate "2021.10.24"]
[SourceQuality "1"]

1. e4 e5 2. Nf3 Nc6 3. Bb5 a6 4. Ba4 Nf6 5. 0-0 Bc5 6. c3 b5 7. Bc2 d6 8. d4 Bb6 9. a4 Bb7 10. d5 Ne7 11. Bg5 Nd7 12. axb5 axb5 13. Na3 h6 14. Bxe7 Qxe7 15. Qe2 0-0 16. Nxb5 f5 17. exf5 Bxd5 18. Na3 e4 19. Nc4 Rxf5 20. Nd4 Rff8 21. Rxa8 Bxa8 22. Nxb6 Nxb6 23. c4 c5 24. Nb5 d5 25. cxd5 Bxd5 26. Na3 Qe5 27. Qe3 Rc8 28. Rb1 Nd7 29. Nb5 Nf6 30. h3 Ba2 31. Rc1 Qxb2 32. Nd6 Nd5 33. Qd2 Rf8 34. Nxe4 Nf4 35. Nc3 Qb4 36. Qe3 Bb3 37. Be4 c4 38. Qd4 Qa5 39. Kh2 Qc7 40. g3 Kh8 41. Ra1 Ne6 42. Qe3 Qc5 43. Kg2 Qxe3 44. fxe3 Nc5 45. Bg6 Nd3 46. g4 Rd8 47. Kg3 Nb4 48. e4 Kg8 49. Ra7 Nc6 50. Rc7 Ne5 51. Bf5 g5 52. Be6+ Kf8 53. Bd5 Rd7 54. Rc8+ Ke7 55. Rh8 Kd6 56. Rxh6+ Kc5 57. Re6 Nd3 58. Ne2 Nb4 59. Rg6 Bd1 60. Nc3 Nxd5 61. Rxg5 Kd4 62. Nxd5 c3 63. Nxc3 Kxc3 64. Kf4 Kd4 65. Rf5 Bc2 66. h4 Bxe4 67. Rf8 Re7 68. h5 Bd5 69. h6 Re1 70. Rh8 Re4+ 71. Kf5 Re5+ 1/2-1/2

[Event "GER CM02-B email"]
[Site "GER email"]
[Date "2015.06.25"]
[Round "?"]
[White "Ilyasov, Anatoly Fedorovich"]
[Black "Droessler, Uwe"]
[Result "1/2-1/2"]
[WhiteElo "2342"]
[BlackElo "2319"]
[PlyCount "65"]
[EventDate "2015.??.??"]
[EventType "tourn (corr)"]
[EventRounds "11"]
[EventCountry "GER"]
[SourceTitle "Corr 2017"]
[Source "ChessBase"]
[SourceDate "2017.09.19"]
[SourceVersion "1"]
[SourceVersionDate "2017.09.19"]
[SourceQuality "1"]

1. e4 e6 2. d4 d5 3. Nc3 Nf6 4. e5 Nfd7 5. f4 c5 6. Nf3 Nc6 7. Be3 a6 8. Qd2 b5 9. a3 Rb8 10. Be2 Qb6 11. 0-0 cxd4 12. Nxd4 Bc5 13. Rfd1 g5 14. g3 h5 15. Kf1 h4 16. Bf3 Nxd4 17. Bxd4 Bxd4 18. Qxd4 Qxd4 19. Rxd4 hxg3 20. hxg3 Ke7 21. Ne2 Bb7 22. Kf2 Rh2+ 23. Ke3 Rbh8 24. Rf1 gxf4+ 25. gxf4 f6 26. exf6+ Nxf6 27. Rf2 R2h3 28. Rg2 Bc6 29. Rd1 Rxf3+ 30. Kxf3 d4+ 31. Kf2 Bxg2 32. Kxg2 Nd5 33. Rxd4 1/2-1/2